| 000 | 00420 a2200157 4500 | ||
|---|---|---|---|
| 003 | NUST | ||
| 005 | 20230303140700.0 | ||
| 040 | _cNust | ||
| 082 | _a808.81,MEH | ||
| 100 |
_aMehmood ul Hassan _9109739 |
||
| 245 |
_aAatish-e-Naubahar / آتش نو بہار (Urdu) / _cMehmood ul Hassan |
||
| 260 |
_aRawalpindi _bIdara Al Qalam _c1980 |
||
| 300 | _a112:p. | ||
| 650 |
_aUrdu Poetry _9751 |
||
| 942 |
_2ddc _cBK _k808.81,MEH |
||
| 999 |
_c187891 _d187891 |
||